| 000 | 00787am a2200313a 44500 | ||
|---|---|---|---|
| 005 | 20250729121455.0 | ||
| 008 | 150316b2004 xxu||||| |||| 00| 0 spa d | ||
| 020 | _a8480884878 | ||
| 041 | _aESP | ||
| 082 | _a331.702 O49a | ||
| 100 |
_aOlleros Izard, Manuel _925951 |
||
| 245 | _aCómo encontrar trabajo? | ||
| 260 | _aEspaña | ||
| 260 | _bGestión 2000 | ||
| 260 | _c2004 | ||
| 300 | _a140 páginas | ||
| 490 | _aDirección y Administración de Empresas | ||
| 650 | _aORIENTACION PROFESIONAL | ||
| 650 | _aTRABAJO | ||
| 650 | _aEMPLEO | ||
| 650 | _aCURRICULUM | ||
| 650 | _aENTREVISTA | ||
| 650 | _aOCUPACIONES | ||
| 650 | _aEMPRESAS FAMILIARES | ||
| 650 | _aINTERNET | ||
| 650 | _aFERIAS PROFESIONALES | ||
| 650 | _aPRUEBAS PSICOTECNICAS | ||
| 942 |
_cBK _2ddc |
||
| 999 |
_c3971 _d3971 |
||